[Event "ESP-chT CECLUB Div1"]
[Site "Linares"]
[Date "2021.09.09"]
[Round "2.2"]
[White "Guerrero Orihuela, Jose Luis"]
[Black "Socko, Monika"]
[Result "0-1"]
[WhiteElo "1922"]
[BlackElo "2385"]
[PlyCount "110"]
[EventDate "2021.09.08"]
[EventType "team-tourn"]
[EventRounds "7"]
[EventCountry "ESP"]
[SourceTitle "CBM 204 Extra"]
[Source "ChessBase"]
[SourceDate "2021.11.30"]
[SourceVersion "1"]
[SourceVersionDate "2021.11.30"]
[SourceQuality "1"]
[WhiteTeam "Santa Lucia Grandama"]
[BlackTeam "Solvay"]
[WhiteTeamCountry "ESP"]
[BlackTeamCountry "ESP"]

1. d4 Nf6 2. c4 e6 3. Nc3 Bb4 4. e3 c5 5. Bd3 Nc6 6. Nge2 cxd4 7. exd4 d5 8. 0-0 dxc4 9. Bxc4 0-0 10. a3 Bd6 11. d5 exd5 12. Nxd5 Nxd5 13. Bxd5 Bg4 14. Be3 Bxe2 15. Qxe2 Bxh2+ 16. Kxh2 Qxd5 17. Rh1 Rad8 18. Rad1 Qe5+ 19. f4 Qe4 20. Rxd8 Rxd8 21. Qf2 h6 22. Re1 Qf5 23. Kg1 Re8 24. Bd2 Rxe1+ 25. Bxe1 g5 26. g3 gxf4 27. gxf4 Qg4+ 28. Kh2 Ne7 29. Qe3 Qe6 30. Qg3+ Kh7 31. Bc3 Qe2+ 32. Kh1 Nf5 33. Qg2 Qxg2+ 34. Kxg2 Kg6 35. a4 Ne7 36. Bd4 a6 37. Kf3 Kf5 38. b4 Nd5 39. b5 axb5 40. axb5 Nc7 41. b6 Nd5 42. Bf2 h5 43. Kg3 Nxf4 44. Be3 Nd5 45. Bc5 Kg5 46. Kh3 f5 47. Kg3 f4+ 48. Kf3 Kf5 49. Bd6 Nxb6 50. Bxf4 Nd5 51. Bc1 b5 52. Kg3 b4 53. Kh4 Kg6 54. Kg3 b3 55. Kf3 Nc3 0-1

[Event "Canarias-chT Honor"]
[Site "Spain"]
[Date "2020.02.01"]
[Round "4.4"]
[White "Moreno Diepa, Diego"]
[Black "Guerrero Orihuela, Jose Luis"]
[Result "1-0"]
[WhiteElo "1707"]
[BlackElo "1904"]
[PlyCount "41"]
[EventDate "2020.01.11"]
[EventType "team-tourn"]
[EventRounds "9"]
[EventCountry "ESP"]
[SourceTitle "CBM 195 Extra"]
[Source "ChessBase"]
[SourceDate "2020.05.31"]
[SourceVersion "1"]
[SourceVersionDate "2020.05.31"]
[SourceQuality "1"]
[WhiteTeam "Guia"]
[BlackTeam "Sanat Lucia Grandama"]
[WhiteTeamCountry "ESP"]
[BlackTeamCountry "ESP"]

1. e4 c5 2. c3 e6 3. d4 d5 4. exd5 Qxd5 5. Nf3 Nc6 6. Be2 cxd4 7. cxd4 Bb4+ 8. Nc3 Nf6 9. 0-0 Qd7 10. Qb3 0-0 11. Rd1 Nd5 12. Bb5 a5 13. Bd2 Qd6 14. a3 Bxc3 15. bxc3 Bd7 16. Re1 Nce7 17. Bxd7 Qxd7 18. Rab1 Rab8 19. c4 a4 20. Ne5 Qe8 21. Qf3 1-0

[Event "Las Palmas Montalvo Memorial 10th"]
[Site "Las Palmas"]
[Date "2017.04.09"]
[Round "3"]
[White "Meneses Gonzalez, Kevin Moises"]
[Black "Guerrero Orihuela, Jose Luis"]
[Result "1-0"]
[WhiteElo "2310"]
[BlackElo "1775"]
[PlyCount "89"]
[EventDate "2017.04.08"]
[EventType "swiss"]
[EventRounds "9"]
[EventCountry "ESP"]
[SourceTitle "CBM 177 Extra"]
[Source "ChessBase"]
[SourceDate "2017.04.27"]
[SourceVersion "1"]
[SourceVersionDate "2017.04.27"]
[SourceQuality "1"]

1. e4 c5 2. Nf3 e6 3. d4 cxd4 4. Nxd4 Nf6 5. Nc3 d6 6. g4 h6 7. h4 Nc6 8. Rg1 d5 9. Bb5 Bd7 10. exd5 Nxd4 11. Bxd7+ Qxd7 12. Qxd4 Nxd5 13. Nxd5 Qxd5 14. Qxd5 exd5 15. Be3 Be7 16. h5 a6 17. 0-0-0 0-0-0 18. Rd3 Rd7 19. Rgd1 Rhd8 20. Bd4 Bg5+ 21. Kb1 g6 22. Be5 b6 23. Rb3 Kb7 24. f4 Be7 25. a4 gxh5 26. gxh5 Rg8 27. Bd4 Bd8 28. Bxb6 Bxb6 29. a5 Rd6 30. axb6 Rg4 31. Re1 Re6 32. Rxe6 fxe6 33. Re3 Rh4 34. Re5 Kc8 35. Ka2 Kd7 36. f5 exf5 37. Rxd5+ Ke6 38. Rb5 axb5 39. b7 Rxh5 40. b8Q Kf6 41. Qxb5 Rg5 42. Qc6+ Kg7 43. Qd7+ Kg6 44. Qe8+ Kf6 45. Qf8+ 1-0

[Event "Las Palmas Insular-chT Primera-A 1617"]
[Site "Las Palmas"]
[Date "2016.11.05"]
[Round "3.2"]
[White "Guerrero Orihuela, Jose Luis"]
[Black "Sanabria Taskila, Jenny Maria"]
[Result "1-0"]
[WhiteElo "1836"]
[BlackElo "1556"]
[PlyCount "83"]
[EventDate "2016.10.22"]
[EventType "team-tourn"]
[EventRounds "14"]
[EventCountry "ESP"]
[SourceTitle "EXT 2018"]
[Source "ChessBase"]
[SourceDate "2017.10.13"]
[SourceVersion "1"]
[SourceVersionDate "2017.10.13"]
[SourceQuality "1"]
[WhiteTeam "Hotel Avda de Canarias III"]
[BlackTeam "Telde Los Llanos II"]
[WhiteTeamCountry "ESP"]
[BlackTeamCountry "ESP"]

1. d4 Nf6 2. c4 e6 3. Nc3 Bb4 4. e3 b6 5. Bd3 c5 6. Nge2 Nc6 7. Bc2 d5 8. cxd5 exd5 9. 0-0 0-0 10. a3 Bxc3 11. bxc3 Ba6 12. Re1 Qe7 13. Nf4 Rfd8 14. a4 Qc7 15. Ba3 Na5 16. Nd3 Nc4 17. Nb2 Nxa3 18. Rxa3 c4 19. f3 Re8 20. Qb1 Bb7 21. Nd1 g6 22. Ra2 Re6 23. e4 dxe4 24. fxe4 Rae8 25. Nf2 Nd5 26. Qb2 Nf4 27. Raa1 Qe7 28. Qb5 Bd5 29. g3 Qg5 30. Kf1 Nd3 31. Bxd3 cxd3 32. Qxd5 Qf6 33. e5 Qf5 34. Qe4 d2 35. Re2 Qg5 36. Rd1 f5 37. Qh4 Qxh4 38. gxh4 Rc8 39. d5 Ree8 40. d6 Rc4 41. d7 Rd8 42. e6 1-0

[Event "Gran Canaria Galdos op 1st"]
[Site "Gran Canaria"]
[Date "2016.04.28"]
[Round "3"]
[White "Perez Guerra, Raul"]
[Black "Guerrero Orihuela, Jose Luis"]
[Result "1-0"]
[WhiteElo "1775"]
[BlackElo "1669"]
[PlyCount "43"]
[EventDate "2016.04.26"]
[EventType "swiss"]
[EventRounds "6"]
[EventCountry "ESP"]
[SourceTitle "CBM 172 Extra"]
[Source "ChessBase"]
[SourceDate "2016.06.21"]
[SourceVersion "1"]
[SourceVersionDate "2016.06.21"]
[SourceQuality "1"]

1. e4 c5 2. Nc3 Nc6 3. g3 e6 4. Bg2 Nf6 5. d3 Be7 6. Nge2 0-0 7. 0-0 a6 8. h3 Qc7 9. Bf4 d6 10. Qd2 Rd8 11. Rad1 Nd4 12. Rc1 Bd7 13. Nd1 e5 14. Bg5 Bc6 15. Bxf6 Bxf6 16. Nec3 b5 17. Ne3 Qa5 18. a3 Ne6 19. Qd1 Nc7 20. Qh5 g6 21. Qe2 b4 22. Nc4 1-0